000 00800nam a2200217Ia 4500
005 20241129104307.0
008 241129s9999||||xx |||||||||||||| ||und||
020 _a9781529216059
037 _aTextual
040 _aRTL
_beng
_cRTL
041 _aeng
_2eng
084 _aU:(G:5) R3
_qRTL
100 _aPapadopoulos Dimitris; Bellacasa Maria. P. D. La.; Tacchetti Maddalena
_9725646
245 0 _aEcological reparation: Repair remediation and resurgence in socail and environmental conflict
_cPapadopoulos Dimitris; Bellacasa Maria. P. D. La.; Tacchetti Maddalena
260 _aBritain
_bBristol university press
_c2023
300 _axviii;443p.
365 _aINR
_bRs.2963.58
650 _aGender; Race and sexuality
_9725647
942 _cTB
_hU:(G:5) R3
999 _c1225259
_d1225259